000
00332nam a22001457a 4500
008
210226b ||||| |||| 00| 0 eng d
020
_a
45300000941433
041
_a
eng
080
_a
82
082
_a
82
100
_a
21
101
_a
GJL
245
_a
Practical Argument a Text and Anthology
_c
Kriszner, L. G
942
_2
udc
_c
BK
999
_c
55295
_d
55295